01631nam a22001937a 450000500170000000800410001702000150005804000070007304100080008008200220008810000200011024500400013026000300017030000270020036500250022752011360025265000270138870000220141520211102093312.0211102b ||||| |||| 00| 0 eng d a0719564026 cAl aEng 223a915.860bWHIB aMonica Whitlock aBeyond the OxusbThe central Asians aLondonbJohn Murrayc2002 aix,290p.bHBc24x16cm. b£19.99c£d£19.99 aAlong the banks of the river once called Oxus lie the heartlands of Central Asia: Uzbekistan and Tajikistan. Catapulted into the news by events in Afghanistan, just across the water, these strategically important, intriguing and beautiful countries remain almost completely unknown to the outside world. One diligent seminary student in the holy city of Bukhara was exhiled to Siberia as a shepherd in the 1917 revolution and then conscripted into the Red Army. Tens of thousands of Poles walked and rode through Central Asia on their way to a new life in Iran. In this region, the extraordinary is commonplace and there is not a family without a remarkable story to tell. Here Monica Whitlock goes far beyond the headlines. Using eyewitness accounts, unpublished letters and first-hand reporting, she enteres into the lives of the Central Asians and reveals a dramatic and moving story unfolding over three generations. Beyond the Oxus is both a chronicle of a century and a clear-eyed, authoritative view of contemporary events, taking us beyond the common cliches and prejudices about both the Soviet Union and the Muslim world. 2Description and travel aWHITLOCK (Monica)